000 00677nam a2200229Ia 4500
005 20241129110248.0
008 241129s9999||||xx |||||||||||||| ||und||
020 _a978-81-941909-9-8
037 _aTB
040 _aARTS
_beng
_cARTS
041 _aeng
_2per-urd
084 _aO164,1G07:g 168Q9
_qARTS
100 _aMoghees Ahmad Au.
_9727620
245 0 _aMaulana Jalaluddin Rumi: ahwal-o-asar
_cMoghees Ahmad Au.
260 _aDelhi, India
_bM. R. Publications
_c2018
300 _a192p.
365 _aINR
_b375
546 _aTranslated from Persian to Urdu
650 _aPersian Poetry
942 _cTB
_hO164,1G07:g 168Q9
999 _c1227946
_d1227946